000 00654nam a2200253Ia 4500
001 42222
005 20240114003455.0
007 ta
008 080612s1987 g b000 u asm u
040 _aCottonCollege,Assam
041 _aasm
082 _a891.2
_bGo 59 Ka
100 _aDev Goswami, Kesavananda .
245 0 _aKarpurmanjori /
_cKesavananda Dev Goswami.
_hTextual Documents
250 _aIst ed /
260 _aAssam :
_bNew Book Stall ,
_c1987.
300 _c25cm.
653 _aSanskrit Literature
653 _aT/G-Sanskrit literature
942 _2ddc
_cBK
999 _c42188
_d42188